| 000 | 00936nam a22003377a 4500 | ||
|---|---|---|---|
| 001 | 0005031 | ||
| 003 | KOHA_MİRAKIL | ||
| 005 | 20260207001432.0 | ||
| 007 | ta | ||
| 008 | 090508b1991 us |||gr||||#0|||1|eng | | ||
| 020 |
_a0673462242 _q(student ed.) |
||
| 040 |
_aTR-BiSEU _btur _cTR-BiSEU _erda |
||
| 041 | 0 | _aeng | |
| 044 | _cus | ||
| 050 |
_aPE1408 _b.H35 1991 |
||
| 100 | 1 | _aHall, Donald. | |
| 245 | 1 |
_aWriting well/ _cDonald Hall ; Donald Hall, Sven Birkerts. |
|
| 250 | _a7th ed. | ||
| 264 | 1 |
_aNew York, NY : _bHarperCollins _c1991 |
|
| 300 | _axxi, 484 sayfa | ||
| 336 |
_ametin _btxt _2rdacontent |
||
| 337 |
_aaracısız _bn _2rdamedia |
||
| 338 |
_acilt _bnc _2rdacarrier |
||
| 500 | _aDizin var. | ||
| 650 | 0 |
_aİngilizce--Retorik. _912222 |
|
| 650 | 0 |
_aYazım bildirimi. _912223 |
|
| 650 | 0 |
_aEnglish language--Rhetoric. _911409 |
|
| 650 | 0 |
_aReport writing. _912224 |
|
| 907 | _aDil | ||
| 942 |
_2lcc _cBK |
||
| 999 |
_c5013 _d5013 |
||